One Direction Song Title - Anagram - Statistics

General Stats
  • This quiz has been taken 1,436 times
  • The average score is 8 of 15
Answer Stats
Hint Answer % Correct
CAGIM MAGIC
90%
ILVAOI OLIVIA
76%
SCPSEA SPACES
75%
VAIEL ALIVE
68%
SULOCD CLOUDS
66%
NRTGOS STRONG
61%
OOLNRTOCN NO CONTROL
60%
NITWA I WANT
57%
NMSOTME MOMENTS
53%
CPTEREF PERFECT
46%
PYHPLAI HAPPILY
42%
RIPOFERFO FIREPROOF
39%
TIROSHY HISTORY
36%
IUOSKYS KISS YOU
31%
LEALITLEEM TELL ME A LIE
18%
No matching quizzes found
Score Distribution
Percent of People with Each Score
Percentile by Number Answered
Your Score History
You have not taken this quiz